| 000 | 00611nam a2200193Ia 4500 | ||
|---|---|---|---|
| 005 | 20260415173418.0 | ||
| 008 | 008 250505s9999 xx 000 0 eng d | ||
| 037 | _aDissertations | ||
| 040 |
_aFEDL _beng _cFEDL |
||
| 041 |
_aeng _2eng |
||
| 084 |
_a372.954 SAX/DI _qFEDL |
||
| 100 |
_aSaxena Anju _9723284 |
||
| 245 | 0 | _aConstruction of knowledge in girls Madrasa: A case of Rampur District (U P) | |
| 260 | _c2020 | ||
| 300 | _avii, 122p. | ||
| 546 | _aM. Phil Dissertation (Delhi University); C D Included | ||
| 942 |
_cDIS _h372.954 SAX/DI |
||
| 999 |
_c1400184 _d1400184 |
||